000 02599cam a22005174i 4500
003 PE-LiUPU
005 20250731173515.0
008 150617s1991 ag r 000 0 spa d
020 _a9505732929
035 _a(Sirsi) i9789505732920
040 _aPE-LiUPU
_bspa
_cPE-LiUPU
_erda
049 _aPRUA
082 0 4 _a228.6
_bM59
_221
100 1 _aMaxwell, C. Mervyn,
_eautor.
245 1 0 _aApocalipsis : Sus revelaciones /
_cC. Mervin Maxwell.
264 1 _aBuenos Aires :
_bAsociación Casa Editora Sudamericana,
_c1991.
300 _a566 páginas ;
_c25 centímetros
336 _atext
_2rdacontent
337 _aunmediated
_2rdamedia
338 _avolume
_2rdacarrier
505 0 _aJesús predice el futuro -- La revelación de Jesucristo -- Cristo escribe a siete iglesias -- Dios nos permite contemplar su trono -- Cristo escuda a su pueblo -- Trompetas que anuncian castigos -- Un ángel anuncia el tiempo del fin -- La verdadera madre y sus hijos -- Las siete últimas plagas -- La caída de Babilonia -- El milenio -- La esposa del cordero.
526 _aSEG42
526 _aSEG41
526 _aSEG40
526 _aSEG39
526 _aP94
526 _aP87
526 _aP86
526 _aP85
526 _aP77
526 _aP76
526 _aP35
630 0 4 _aBiblia
_pN.T.
_pApocalipsis
_xComentarios.
910 _ajck
_bjvq
_cjck
_d20150616
942 _2ddc
_cBOOK
949 _a228.077 M31
_wDEWEY
_c1
_i41558
_d2016-9-28
_e2016-9-28
_lCCODEBUL1
_mBUL
_n18
_r0
_sY
_tBOOK
_u2015-6-16
_xTEOLOGIA
_zUNKNOWN
_0COMPRA
_o.STAFF. Colección Teología
949 _a228.6 M59
_wDEWEY
_c1
_i33285
_d2016-11-10
_e2016-11-9
_lCCODEBUL1
_mBUL
_n10
_r0
_sY
_tBOOK
_u2015-6-17
_xTEOLOGIA
_PP35
_0COMPRA
_o.STAFF. Colección Teología
949 _a228.6 M59
_wDEWEY
_c2
_i33284
_d2016-11-20
_e2016-11-13
_lCCODEBUL1
_mBUL
_n14
_r0
_sY
_tBOOK
_u2015-6-17
_xTEOLOGIA
_PP35
_0COMPRA
_o.STAFF. Colección Teología
994 _aC0
_bPEPRU
596 _a1
999 _a228.077 M31
_wDEWEY
_c59226
_i41558
_d59226
_e2019-11-18
_f2021-11-11
_g5
_lCCODEBUL1
_mBUL
_n25
_p14.00
_q23
_r0
_sY
_tBOOK
_u2015-6-16
_xTEOLOGIA
_PP35
_0COMPRA
_o.STAFF. Colección Teología
999 _a228.6 M59
_wDEWEY
_c1
_i33285
_d2018-8-28
_e2018-5-7
_f2019-12-10
_g4
_lDISCARD
_mBUL
_n13
_p13.00
_q11
_r0
_sY
_tBOOK
_u2015-6-17
_xTEOLOGIA
_PP35
_0COMPRA
_o.STAFF. Colección Teología
999 _a228.6 M59
_wDEWEY
_c2
_i33284
_d2019-9-30
_e2019-9-27
_f2019-12-10
_g4
_lDISCARD
_mBUL
_n27
_p13.00
_q16
_r0
_sY
_tBOOK
_u2015-6-17
_xTEOLOGIA
_PP35
_0COMPRA
_o.STAFF. Colección Teología
980 _81
_gALBERTO SANCHEZ Responsable de Automatización